Normal view
MARC view
- RUSSIA--FOREIGN RELATIONS--UKRAINE
Entry Topical Term
001 - CONTROL NUMBER
- control field: 5060
003 - CONTROL NUMBER IDENTIFIER
- control field: CBULib
005 - DATE AND TIME OF LATEST TRANSACTION
- control field: 20251114091123.0
008 - FIXED-LENGTH DATA ELEMENTS
- fixed length control field: 251114|| aca||babn | a|a d
040 ## - CATALOGING SOURCE
- Original cataloging agency: CBULib
150 ## - HEADING--TOPICAL TERM
- Topical term or geographic name entry element: RUSSIA--FOREIGN RELATIONS--UKRAINE